000 00382nam a2200145Ia 4500
008 231129s2004||||xx |||||||||||||| ||spa||
020 _a84-933755-1-9
040 _bspa
082 _a(i) 833 Z76j
100 _aZimnik Reiner
245 0 _aJonás el pescador
260 _c2004
264 _aSevilla España : Kalandraka
942 _2ddc
_cBKS
999 _c16123
_d16123